Web-based Application for Tracking Coffee Consumption and Associated Metadata

Salvato in:
Dettagli Bibliografici
Autore principale: Vrba, Viliam (Autore)
Altri autori: Klaučo, Martin (Relatore della tesi)
Natura: Manoscritto Libro
Lingua:slovacco
inglese
Pubblicazione: 2025
Soggetti:
Accesso online:http://is.stuba.sk/zp/portal_zp.pl?podrobnosti=186711
Tags: Aggiungi Tag
Nessun Tag, puoi essere il primo ad aggiungerne!!

MARC

LEADER 00000ntm a22000003a 4500
001 stuzp105241
003 SK-STU
005 20250628212458.2
007 ta
008 150427s2015----xo-----f-mn---000-0-slo-d
040 |a STU  |b slo 
041 0 |a eng 
100 1 |a Vrba, Viliam  |u 047220  |4 aut  |U FCHPT Ústav informatizácie, automatizácie a matematiky  |T FCHPT Oddelenie informatizácie a riadenia procesov  |X 122515  |U C7220  |Y 121  |7 122515 
242 0 1 |a Webová aplikácia pre manažment spotreby kávy a zber súvisiacich metadát  |y slo 
245 1 0 |a Web-based Application for Tracking Coffee Consumption and Associated Metadata 
260 |c 2025 
650 4 |a Anvil  |2 slo 
650 4 |a Python  |2 slo 
650 4 |a Docker  |2 slo 
650 4 |a Anvil  |2 eng 
650 4 |a Python  |2 eng 
650 4 |a Docker  |2 eng 
700 1 |a Klaučo, Martin  |u 047220  |k Z3  |4 ths  |U FCHPT Ústav informatizácie, automatizácie a matematiky  |T FCHPT Oddelenie informatizácie a riadenia procesov  |X 50920  |U C7220  |Y 121  |7 A0000050920 
856 4 |u http://is.stuba.sk/zp/portal_zp.pl?podrobnosti=186711